Responses for Show #3632 - Tuesday, May 23, 2000

Contestants

[<< previous game]

Jennifer Knierim, a logistics management specialist from San Diego, California

Mike Andrews, a writer originally from Detroit, Michigan

Jeff Horn, an office manager from New York City, New York (whose 3-day cash winnings total $10,901)

[next game >>]

Jeopardy! Round responses

FIRST NOVELS
CLASSIC AD LINES
(Alex: Name the product or company)
LESSER-KNOWN MUSICALS
HORNS
IT'S A DOGGY DOG WORLD
"MUM"s THE WORD
    $100 7
Bram Stoker

Jeff
    $100 6
United Airlines

Mike
    $100 26
Sherlock Holmes

Jennifer
    $100 1
Gabriel

Jeff
    $100 21
Switzerland

Mike
    $100 12
Mumps

Jeff
    $200 8
Jack Kerouac

Jennifer
    $200 17
General Electric

Jennifer
    $200 27
A Christmas Carol

Jeff
    $200 2
Cape Horn

Jeff
    $200 22
a Labrador retriever

Jeff
    $200 13
mumble

Jeff
    $300 9
Evelyn Waugh

Jennifer
    $300 18
Meow Mix

Jeff
    $300 28
Noah

Jennifer
    $300 3
Rhinoceros

Jeff
    $300 23
Elkhound

Mike
    $300 14
mumbo jumbo

Jennifer
    $500 10
Pearl S. Buck

Jennifer
    $400 19
Apple Computer

Triple Stumper
    $400 29
Theodore Roosevelt

Jeff
    $400 4
French horn

Jeff
    $400 24
(Jeff: What is a Chihuahua?)

the Mexican hairless

JeffMike
    $400 15
Mumbai

Jeff
    $500 11
James Dickey

Jeff
    $500 20
Federal Express

Mike
    $500 30
Jack Cassidy & Shirley Jones

Jeff
    $500 5
Cornucopia

Triple Stumper
    $500 25
Dingo

Jeff
    $500 16
Mummers

Jeff

Scores at the first commercial break (after clue 16):

Jeff Mike Jennifer
$2,800 $100 $1,300

Scores at the end of the Jeopardy! Round:

Jeff Mike Jennifer
$4,500 $1,400 $1,900

Double Jeopardy! Round responses

THE BIBLE
TELEVISION
LICENSE PLATE MOTTOS
BIG MERGERS
"D" IN HISTORY
ADJECTIVES
    $200 8
Solomon

Jeff
    $200 1
Just Shoot Me!

Jennifer
    $200 6
Hawaii

Jeff
    $200 26
CBS

Jennifer
    $200 16
Dalai Lama

Jeff
    $200 21
grand (Canyon)

Mike
    $400 9
Nebuchadnezzar

Jeff
    $400 2
The Nanny

Mike
    $400 7
Minnesota

Mike
    $400 27
Chrysler

Jeff
    $400 17
(Jeff: What is Liverpool?)

Dublin

JeffMike
    $400 25
(Alex: Less than a minute to go, Jennifer.)

strapping

Triple Stumper
    $600 10
Paul

Mike
    $600 3
Sex and the City

Jennifer
    $2,000 13
(Jeff: What is Massachusetts?)

Oklahoma

Jeff
    $600 29
Wells Fargo

Mike
    $600 18
Benjamin Disraeli

Jeff
    $2,000 24
ruthless

Jennifer
    $800 11
Joseph

Jeff
    $800 4
Two Guys and a Girl

Mike
    $800 14
North Carolina

Jennifer
    $800 30
(Alex: And it seems to me that at one time they were all part of the same company, weren't they?)

Mobil

Triple Stumper
    $800 19
(Jennifer: Who is Charlotte Corday?)

Madame du Barry

Jennifer
Triple Stumper
    $800 22
(Jeff: What is wonder?)

clever

Jeff
Triple Stumper
    $1000 12
James

Jeff
    $1000 5
Thurston Howell III

Jeff
    $1000 15
Michigan

Mike
    $1000 28
(Mike: What is Time Warner?)

TCI (Tele-Communications, Inc.)

Mike
Triple Stumper
    $1000 20
DEW (Distant Early Warning) Line

Jeff
    $1000 23
sweet

Jennifer

Scores at the end of the Double Jeopardy! Round:

Jeff Mike Jennifer
$7,100 $4,800 $5,900

[wagering suggestions for these scores]

Final Jeopardy! Round responses

ASIA
(Alex: Big continent!)
MikeWhat is Java Jakarta?
$1,101
JenniferWhat is Kuala Lumpur?
$1,201
JeffWhat is Manila?
$4,701
Jakarta (Indonesia)

Final scores:

Jeff Mike Jennifer
$2,399 $5,901 $4,699
3rd place: Samsung 8mm Camcorder New champion: $5,901 2nd place: Zenith 36-inch Stereo TV & Tivo Service

Game dynamics:

Coryat scores:

Jeff Mike Jennifer
$9,100 $4,800 $4,400
26 R,
4 W
(including 1 DD)
13 R,
1 W
13 R
(including 2 DDs),
1 W

Combined Coryat: $18,300

[game clues] [game scores] [suggest correction]

Game tape date: Unknown
The J! Archive is created by fans, for fans. Scraping, republication, monetization, and malicious use prohibited; this site may use cookies and collect identifying information. See terms. The Jeopardy! game show and all elements thereof, including but not limited to copyright and trademark thereto, are the property of Jeopardy Productions, Inc. and are protected under law. This website is not affiliated with, sponsored by, or operated by Jeopardy Productions, Inc. Join the discussion at JBoard.tv.